Missing Word: Oscar Best Song Nominees II Quiz Stats

 Plays Quiz Updated Jan 8, 2019

Challenge
Share
Tweet
Embed
Score 0/20 Timer 03:00
1 Play Today
Song Missing Word % Correct
The ___ of the TigerEye
97.2%
You've Got a ______ in MeFriend
92.8%
That _____ You Do!Thing
91.9%
Nobody Does it ______Better
91.2%
Be Our _____Guest
88.7%
On the ____ AgainRoad
82.2%
(_________ I do) I Do it For YouEverything
81.7%
______ MatataHakuna
78.3%
I Don't Want to _____ a ThingMiss
72.3%
That Old _____ MagicBlack
66.6%
Song Missing Word % Correct
Go the _______Distance
66.2%
The Hands that ______ AmericaBuilt
44.3%
Through the Eyes of ____Love
43.5%
Blame ______Canada
43.4%
I Have ________Nothing
28.9%
That's How You ____Know
28.5%
I ____ OnMove
20.4%
_____ of LoveGlory
15.5%
Beautiful _____ of My SoulMaria
6.1%
If I ____Rise
4.6%

Today's Daily Dose

You're not logged in!

Compare scores with friends on all Sporcle quizzes.
OR
Log In

You Might Also Like...

Show Comments

Extras

Top Quizzes Today


Score Distribution

Your Account Isn't Verified!

In order to create a playlist on Sporcle, you need to verify the email address you used during registration. Go to your Sporcle Settings to finish the process.

Report this User

Report this user for behavior that violates our Community Guidelines.

Details: